000 00628nam a2200229Ia 4500
003 OSt
005 20220923230302.0
006 a|||||r|||| 00| 0
007 ta
008 Pun
024 _a279,123
037 _cTextual
040 _aARTS
_cARTS
_bPun
041 _2Pun
_aPun
082 _aO153,1N36x, M1
100 _aਤਿਵਾਰੀ, ਵਿFਵਾਨਾਥ
_9168952
245 0 _aਰੱਬ ਬੁਢਾ ਹੋ ਗਿਐ
260 _c1981
650 _aਪੰਜਾਬੀ ਸਾਹਿਤ
942 _hO153,1N36x, M1
_cTEXL
_2CC
999 _c383671
_d383671